000 00391nam a2200145Ia 4500
008 240624s9999 xx 000 0 und d
041 _aeng
082 _a658.4012 SRI
100 _aSRINIVASAN R
245 _aSTRATEGIC MANAGEMENT THE INDIAN CONTEXT
250 _a(3rd ed.)
260 _c2008
_aNew Delhi
_bPrentice-Hall of India
300 _axiii, : 324 : p. : cm. ; 24
365 _cRS
_b36
999 _c10701
_d10701